French Country Names - Statistics

General Stats
  • This quiz has been taken 51 times
  • The average score is 19 of 20
Answer Stats
Hint Answer % Correct
Albanie Albania
100%
Algérie Algeria
100%
Algérie Algeria
100%
Antigua-et-Barbuda Antigua and Barbuda
100%
Argentine Argentina
100%
Arménie Armenia
100%
Australie Australia
100%
Autriche Austria
100%
Azerbaïdjan Azerbaijan
100%
Bahreïn Bahrain
100%
Barbade Barbados
100%
Biélorussie Belarus
100%
Belgique Belgium
100%
Bélize Belize
100%
Bénin Benin
100%
Bhoutan Bhutan
100%
Bolivie Bolivia
100%
Bosnie-Herzégovine Bosnia and Herzegovina
100%
Brésil Brazil
100%
Bulgarie Bulgaria
100%
Cambodge Cambodia
100%
République Centrafricaine Central African Republic
100%
Tchad Chad
100%
Chili Chile
100%
Chine China
100%
Colombie Colombia
100%
Croatie Croatia
100%
Chypre Cyprus
100%
République Tchèque Czech Republic
100%
République Démocratique du Congo Democratic Republic of the Congo
100%
Danemark Denmark
100%
République Dominicaine Dominican Republic
100%
Équateur Ecuador
100%
Egypte Egypt
100%
Le Salvador El Salvador
100%
Guinée Équatoriale Equatorial Guinea
100%
Estonie Estonia
100%
Fidji Fiji
100%
Gambie Gambia
100%
Géorgie Georgia
100%
Grèce Greece
100%
Grenade Grenada
100%
Guinée Guinea
100%
Guyane Guyana
100%
Haïti Haiti
100%
Hongrie Hungary
100%
Inde India
100%
Indonésie Indonesia
100%
Irlande Ireland
100%
Israël Israel
100%
Côte d'Ivoire Ivory Coast
100%
Jamaïque Jamaica
100%
Japon Japan
100%
Jordanie Jordan
100%
Koweit Kuwait
100%
Kirghizistan Kyrgyzstan
100%
Libéria Liberia
100%
Libye Libya
100%
Malaisie Malaysia
100%
Malte Malta
100%
Îles Marshall Marshall Islands
100%
Mexique Mexico
100%
Moldavie Moldova
100%
Mongolie Mongolia
100%
Monténégro Montenegro
100%
Maroc Morocco
100%
Népal Nepal
100%
Nouvelle-Zélande New Zealand
100%
Corée du Nord North Korea
100%
Macédoine du Nord North Macedonia
100%
Norvège Norway
100%
Papouasie-Nouvelle-Guinée Papua New Guinea
100%
Pologne Poland
100%
République du Congo Republic of the Congo
100%
Roumanie Romania
100%
Russie Russia
100%
Sao Tomé-et-Principe Sao Tome and Principe
100%
Arabie Saoudite Saudi Arabia
100%
Écosse Scotland
100%
Sénégal Senegal
100%
Serbie Serbia
100%
Singapour Singapore
100%
Slovaquie Slovakia
100%
Slovénie Slovenia
100%
Somalie Somalia
100%
Afrique du Sud South Africa
100%
Soudan du Sud South Sudan
100%
Saint-Vincent-et-les-Grenadines St. Vincent and the Grenadines
100%
Soudan Sudan
100%
Syrie Syria
100%
Taïwan Taiwan
100%
Tanzanie Tanzania
100%
Thaïlande Thailand
100%
Trinité-et-Tobago Trinidad and Tobago
100%
Tunisie Tunisia
100%
Turquie Turkey
100%
Turkménistan Turkmenistan
100%
Ouganda Uganda
100%
Émirats Arabes Unis United Arab Emirates
100%
Royaume-Uni United Kingdom
100%
Ouzbékistan Uzbekistan
100%
Cité du Vatican Vatican City
100%
Yémen Yemen
100%
Cap-Vert Cape Verde
93%
Pérou Peru
91%
Saint-Kitts-et-Nevis St. Kitts and Nevis
91%
Érythrée Eritrea
90%
Islande Iceland
90%
Îles Salomon Solomon Islands
90%
Lituanie Lithuania
89%
Île Maurice Mauritius
88%
Corée du Sud South Korea
88%
Zambie Zambia
88%
Andorre Andorra
86%
Cameroun Cameroon
86%
Ethiopie Ethiopia
86%
Guinée-Bissau Guinea-Bissau
86%
L'Iran Iran
86%
Micronésie Micronesia
86%
Suède Sweden
86%
États-Unis United States
86%
Comores Comoros
83%
Angleterre England
83%
Dominique Dominica
80%
Finlande Finland
80%
Italie Italy
80%
Lettonie Latvia
80%
Liban Lebanon
80%
Palaos Palau
80%
Tadjikistan Tajikistan
80%
Suisse Switzerland
78%
Allemagne Germany
75%
Birmanie Myanmar
75%
Namibie Namibia
75%
Irlande du Nord Northern Ireland
75%
Saint-Marin San Marino
75%
Pays-Bas Netherlands
67%
Espagne Spain
67%
Mauritanie Mauritania
50%
Pays de Galles Wales
45%
Irak Iraq
40%
No matching quizzes found
Score Distribution
Percent of People with Each Score
Percentile by Number Answered
Your Score History
You have not taken this quiz